000 00872 a2200205 4500
999 _c7781
_d7781
020 _a1855671859
050 0 0 _aJX1391 THE 1994
245 0 0 _aTheory and practice in foreign policy-making :
_bnational perspectives on academics and professionals in international relations /
_cedited by Michel Girard, Wolf-Dieter Eberwein, and Keith Webb.
264 _aNew York:
_bPinter Publishers,
_c1994
300 _aviii, 178 p. ;
500 _aincludes index
504 _aIncludes bibliographical references (p. [167]-175) and index.
650 0 _aInternational relations.
650 0 _aInternational relations specialists.
700 1 _aGirard, Michel,
_d1946-
700 1 _aEberwein, Wolf-Dieter,
_d1943-
700 1 _aWebb, Keith,
_d1943-
942 _2lcc
_cBK
_h391
_iTHE
_kJX